Filmes ambientados no Reino Unido - Morte Súbita - Statistics

Estatísticas Gerais
  • Esse quiz foi jogado 47 vezes
  • A pontuação média é 5 de 22
Answers on the Grid
Answers color-coded by a green-red scale on the quiz's grid according to % correct below.
Extermínio
Laranja Mecânica
Coração Valente
O Diário de Bridget Jones
Curtindo a Vida Adoidado
Os Bons Companheiros
Assassinato em Gosford Park
Chumbo Grosso
King Richard
Simplesmente Amor
As Férias de Mr. Bean
Um Lugar Chamado Notting Hill
Oliver!
As Aventuras de Paddington
Orgulho e Preconceito
Robin Hood
Saltburn
Snatch - Porcos e Diamantes
Efeito Dominó
A Grande Aposta
Clube dos Cinco
O Homem Elefante
Fugindo do Inferno
O Jogo da Imitação
O Discurso do Rei
O Último Rei da Escócia
O Pianista
A Rainha
Vestígios do Dia
O Regresso
Um Sonho de Liberdade
A Teoria de Tudo
Trainspotting - Sem Limites
 
Estatísticas das Respostas
Resposta % Correto
A Rainha
55%
Um Lugar Chamado Notting Hill
45%
Robin Hood
39%
O Diário de Bridget Jones
35%
Orgulho e Preconceito
35%
Coração Valente
32%
O Discurso do Rei
32%
As Aventuras de Paddington
29%
Saltburn
29%
A Teoria de Tudo
23%
Laranja Mecânica
23%
O Jogo da Imitação
23%
Assassinato em Gosford Park
16%
Oliver!
13%
Simplesmente Amor
13%
Extermínio
10%
O Homem Elefante
10%
Snatch - Porcos e Diamantes
10%
Efeito Dominó
6%
Trainspotting - Sem Limites
6%
Vestígios do Dia
6%
Chumbo Grosso
3%
Nenhum quiz correspondente encontrado
Distribuição das Pontuações
Porcentagem de Pessoas com Cada Pontuação
Percentil de Números Respondidos
Sua Pontuação Histórica
Você não jogou esse quiz